Normal view MARC view

Entry Topical Term

Number of records used in: 1

001 - CONTROL NUMBER

  • control field: 36134

003 - CONTROL NUMBER IDENTIFIER

  • control field: OSt

005 - DATE AND TIME OF LATEST TRANSACTION

  • control field: 20230228163341.0

008 - FIXED-LENGTH DATA ELEMENTS

  • fixed length control field: 230228|| aca||aabn | a|a d

040 ## - CATALOGING SOURCE

  • Original cataloging agency: OSt
  • Transcribing agency: OSt

150 ## - HEADING--TOPICAL TERM

  • Topical term or geographic name entry element: Sedition, Citizenship, India, Distant, Nationalism, Democracy.

670 ## - SOURCE DATA FOUND

  • Source citation: Work cat.: (OSt): Pattnaik, Ayesha 36133, Loyalty, liberty, and the law: Analysing the juxtaposition of nation and citizen in the Indian sedition law

Powered by Koha